Filippiinien suurimmat saaret - Statistics

Yleistilastot
  • Tätä visaa on pelattu 201 kertaa
  • Keskiarvotulos 5 / 11
Vastaukset kartalla
Vastauksille on annettu kartalla punavihreä väri sen mukaan, kuinka moni on saanut sen oikein.
 
Vastaustilastot
km2 Saari % Oikein
109 965 Luzon
93%
97 530 Mindanao
85%
4 468 Cebu
50%
13 075 Negros
46%
12 189 Palawan
46%
7 368 Leyte
42%
12 849 Samar
42%
12 011 Panay
40%
10 572 Mindoro
38%
3 821 Bohol
36%
3 268 Masbate
28%
Ehtoja vastaavia visoja ei löytynyt
Tulosjakauma
Jokaisen tuloksen saaneiden osuus
Persentiili vastausten määrän mukaan
Tuloshistoriasi
Et ole pelannut tätä visaa